Welcome to the Holygrace Academy Library

Please use search bar below to get started

JANTHULOKATHINTE KAUTHUKANGAL (Record no. 9126)

MARC details
000 -LEADER
fixed length control field 00362nam a22001337a 4500
082 ## - DEWEY DECIMAL CLASSIFICATION NUMBER
Classification number 894.812
Item number GIT/J
100 ## - MAIN ENTRY--AUTHOR NAME
Personal name GITHANJALI, M
245 ## - TITLE STATEMENT
Title JANTHULOKATHINTE KAUTHUKANGAL
246 ## - VARYING FORM OF TITLE
Title proper/short title JANTHULOKATHINTE KAUTHUKANGAL
Remainder of title JANTHULOKATHINTE KAUTHUKANGAL
260 ## - PUBLICATION, DISTRIBUTION, ETC. (IMPRINT)
Place of publication THRISSUR
Name of publisher KERALA SASTHRA SAHITHYA PARISHITH
Year of publication 2023
300 ## - PHYSICAL DESCRIPTION
Number of Pages 119
650 ## - SUBJECT ADDED ENTRY--TOPICAL TERM
Topical Term G K
942 ## - ADDED ENTRY ELEMENTS (KOHA)
Koha item type Books
Holdings
Withdrawn status Lost status Collection code Home library Current library Date acquired Source of acquisition Cost, normal purchase price Full call number Accession Number Koha item type
    G.K Main Library Main Library 11/07/2025 COTRIBUTION 150.00 894.812 GIT/J 13835 Books